000 01154nam a22003377a 4500
003 CHAP
005 20220329135026.0
008 971013s1979 r 00010 d
010 _a29752
011 _a30724
035 _a34836
040 _cCHAP
090 _aTesis
100 0 0 _aLey Flores, Jesús Humberto.
_966559
245 _aEstudio del mosaico de la remolacha (Beta vulgaris L.) en el Estado de México
260 _aChapingo, Méx.,
_c1979
300 _a55 h.
_b: ilus. ; gráfs.
502 _aTesis (M.C. Esp. en Fitopatología) -- CP. Rama de Fitopatología.
590 _aALEPH
_b10
_c20130110
_lUCH01
_h1251
590 _aBATCH-UPD
_b10
_c20130110
_lUCH01
_h1533
590 _aBATCH-UPD
_b10
_c20130410
_lUCH01
_h0939
590 _aBATCH-UPD
_b10
_c20130914
_lUCH01
_h1724
590 _aCONVERSION
_b10
_c20130109
_lUCH01
_h1317
650 1 4 _aRemolacha
_xEnfermedades.
_995859
650 1 4 _aVirus del mosaico de la remolacha.
_9119956
901 _aBK
942 _cFOLL
949 _bBC
_cTES
_d-80495
_eTS1
_h30117
_i34836
_si
949 _bBC
_cTES
_d-80496
_eTS2
_fc.2
_h30118
_i34836
_si
949 _bBC
_cTES
_d-80497
_eTS1
_fc.3
_h30119
_i34836
_si
999 _c29752
_d29752